000 00697nas a2200229 4500
001 BR9902270
003 BR-BrBNA
005 20231205101405.0
007 ta
008 230509b bl.|||p| |||| 00| 00por d
040 _aBR-BrBNA
_bpor
_cBiblioteca Nacional de Agricultura
041 _a(Pt)
072 _aH10
100 1 _aMartius, C.
245 1 _aPerspectivas do controle biologico de cupins (Insecta, Isoptera)
650 _aCupim
650 _aControle Quimico
650 _aControle Biologico
773 0 _tRevista Brasileira de Entomologia (Brazil)
_xISSN 0085-5626
_g(Sep 1998), v. 41(2-4) p. 179-194
_wBR9902270
909 _a202311
_bLúcia
_c55
_dLúcia Elande
942 _2AGRIS
_n0
_cANA
999 _c161543
_d161543